|
|
|
|
| LEADER |
00000nam0a2200000 4500 |
| 001 |
36015 |
| 005 |
20231101210337.0 |
| 035 |
|
|
|a (RuTPU)RU\TPU\book\36476
|
| 035 |
|
|
|a BOOK00003128
|
| 090 |
|
|
|a 36015
|
| 100 |
|
|
|a 20011210d1985 m y0rusy50 ca
|
| 101 |
0 |
|
|a rus
|
| 102 |
|
|
|a RU
|
| 105 |
|
|
|a y j 000zy
|
| 200 |
1 |
|
|a Сборник задач по курсу математического анализа
|e учебное пособие
|f Г. Н. Берман
|
| 205 |
|
|
|a 20-е изд.
|
| 210 |
|
|
|a Москва
|c Наука
|d 1985
|
| 215 |
|
|
|a 383 с.
|
| 451 |
|
1 |
|0 (RuTPU)RU\TPU\book\9078
|y 58645-7058-3
|t Сборник задач по курсу математического анализа
|o учебное пособие
|f Г. Н. Берман
|e 19-е изд., стереотипное
|c Санкт-Петербург
|n Специальная литература
|d 1998
|p 446 с.
|a Берман, Георгий Николаевич
|
| 451 |
|
1 |
|0 (RuTPU)RU\TPU\book\55199
|t Сборник задач по курсу математического анализа
|o учебное пособие
|f Г. Н. Берман
|c Москва
|n Наука
|d 1977
|p 416 с.
|a Берман, Георгий Николаевич
|
| 606 |
|
|
|a Математический анализ
|2 stltpush
|3 (RuTPU)RU\TPU\subj\41236
|9 61042
|
| 610 |
1 |
|
|a высшая математика
|
| 610 |
1 |
|
|a задачи
|
| 610 |
1 |
|
|a упражнения
|
| 610 |
1 |
|
|a уравнения
|
| 610 |
1 |
|
|a интегралы
|
| 610 |
1 |
|
|a функции
|
| 610 |
1 |
|
|a графики
|
| 610 |
1 |
|
|a учебные пособия
|
| 675 |
|
|
|a 517(076)
|v 3
|
| 700 |
|
1 |
|a Берман
|b Г. Н.
|g Георгий Николаевич
|
| 801 |
|
0 |
|a RU
|b 63413507
|c 20011210
|g PSBO
|
| 801 |
|
2 |
|a RU
|b 63413507
|c 20201118
|g PSBO
|
| 900 |
|
|
|a Высшая математика
|
| 900 |
|
|
|a Математический анализ
|
| 942 |
|
|
|c BK
|